T.B.M.M. albümü (Record no. 308)

MARC details
000 -BAŞLIK
Sabit Uzunlukta Kontrol Alanı 00662na a2200205 4500
001 - KONTROL NUMARASI
Denetim Alanı 15938
003 - KONTROL NUMARASI IDENTIFIER
Denetim Alanı MIRAKIL
005 - SON İŞLEM TARİHİ VE ZAMANI
Denetim Alanı 20181213154743.0
008 - SABİT-BOY VERİ ELEMANLARI - GENEL BİLGİLER
Sabit Uzunlukta Kontrol Alanı 161008b tu 000 0
040 ## - KATALOGLAMA KAYNAK
Orijinal Kataloglama Ajansı Milas
Kataloglama Dili tur
Metne Dönüştürmek Ajansı TR-AnCHP
082 ## - DEWEY ONLU SINIFLANDIRMA NUMARASI
Sınıflandırma Numarası 328.561
Ürün Numarası T15t 1962
090 ## - SINIFLAMA NUMARASI
Sınıflama Numarası 328.561 T15t 1962
110 ## - ANA GİRİŞ - KURUMSAL ADI
Giriş Elemanı Olarak Kurumsal Ad Veya Yargı Alanı Adı Türkiye Büyük Millet Meclisi (TBMM)
245 ## - BAŞLIK TABLOSU
Başlık T.B.M.M. albümü
Başlığın Kalan Dönem: 1 toplantı: 1 25.10.1961
Sorumluluk Tablosu, Vb Türkiye Büyük Millet Meclisi (TBMM)
246 ## - UNVAN FORM VARYING
Başlık Doğru / Kısa Başlığı Dönem: 1 toplantı: 1 25.10.1961
260 ## - YAYIN, DAĞITIM, VB
Yayın, Dağıtım, Vb Yeri Ankara
Yayıncı, Dağıtıcı, Vs Adı Türkiye Büyük Millet Meclisi (TBMM)
Yayın, Dağıtım, Vb Tarihi 1962
300 ## - FİZİKSEL TANIM
Kapsam 202 s.
Diğer Fiziksel Ayrıntıları fotğ.
Boyutlar 17 sm.
610 ## - KONU KATMA GİRİŞ - TOPLANTI ADI
Giriş Elemanı Olarak Kurumsal Ad Veya Yargı Alanı Adı TBMM
Genel Alt Bölüm Albümler
Kronolojik Alt Bölüm 1961
942 ## - EKLENDİ GİRİŞ ELEMANLARI (KOHA)
Sınıflandırma Veya Raf Düzeni Kaynak Dewey Decimal Classification
Koha Öğesi Türü Books
999 ## - SİSTEM KONTROL NUMARALARI (KOHA)
Koha Biblionumber 308
Koha Biblioitemnumber 308
Holdings
Kalıcı Konum Mevcut Konum Edinme Tarihi Edinim Kaynak Toplam Check-Out'Lar Tam Çağrı Numarası Barkod Tarih Son Görülme İtibaren Geçerli Fiyatlar Koha Öğesi Türü
CHP Kütüphanesi CHP Kütüphanesi 09/27/2016 Bağış   328.561 T15t 1962 005102 09/27/2016 09/27/2016 Books